Ebene kinematik : eine vorlesung

Αποθηκεύτηκε σε:
Λεπτομέρειες βιβλιογραφικής εγγραφής
Κύριος συγγραφέας: Blaschke, Wilhelm, 1885-1962
Μορφή: Βιβλίο
Γλώσσα:German
Δημοσίευση: Leipzig : B.G. Teubner, 1938
Σειρά:Hamburger mathematische Einzelschriften ; ; 25
Θέματα:
Ετικέτες: Προσθήκη ετικέτας
Δεν υπάρχουν, Καταχωρήστε ετικέτα πρώτοι!

MARC

LEADER 00000cam a2200000 i 4500
001 1/11459
008 101222s1938 ger d
035 |l 10109418 
040 |a GR-MY-UA  |b gre  |e aacr 
041 0 |a ger 
082 0 |a 531.112  |2 (22) 
100 1 |a Blaschke, Wilhelm,   |d 1885-1962. 
245 1 0 |a Ebene kinematik :  |b eine vorlesung /  |c Wilhelm Blaschke 
260 |a Leipzig :   |b B.G. Teubner,   |c 1938 
300 |a 56 σ.;  |c 24 εκ. 
490 1 |a Hamburger mathematische Einzelschriften  |v ; 25; heft 
650 0 0 |a Kinematics. 
650 0 0 |a Quaternions. 
830 0 |a Hamburger mathematische Einzelschriften ;  |v ; 25 
852 |a INST  |b SAMOS  |c MAG  |e 20101222  |h 531.112 BLA  |p 005300030551  |q 005300030551  |t BK  |y 0 
901 |a BIBL3-2010-3 
909 |a Σ  |b 161887 
970 |a ΓΟΥΒΑΛΑ  |b ΒΑΣΩ  |z 2010/12/22